[Event "DC International"]
[Site "Arlington, VA"]
[Date "2013.06.28"]
[Round "4.23"]
[White "Viswanadha, Kesav"]
[Black "Obiamiwe, Paul"]
[Result "1-0"]
[WhiteElo "2177"]
[BlackElo "1987"]
[PlyCount "115"]
[EventDate "2013.06.??"]
[EventType "swiss"]
[EventRounds "9"]
[EventCountry "USA"]
[SourceDate "2013.06.27"]

1. e4 e5 2. Nf3 Nc6 3. Bb5 a6 4. Ba4 Nf6 5. O-O Be7 6. Re1 b5 7. Bb3 d6 8. c3
O-O 9. h3 Bb7 10. d4 h6 11. Nbd2 Re8 12. Nf1 Bf8 13. Ng3 g6 14. Bc2 exd4 15.
cxd4 Nb4 16. Bb1 Nc6 17. b3 Bg7 18. Bb2 Nh7 19. Qd2 Ng5 20. Nh2 Nb8 21. f4 Nh7
22. Nf3 c5 23. Kh2 Nd7 24. Bd3 Rc8 25. Rac1 Nhf6 26. d5 Qb6 27. b4 c4 28. Bb1
Qc7 29. Nd4 Nb6 30. Nde2 Na4 31. Bd4 h5 32. Nc3 Nxc3 33. Qxc3 Qd8 34. Nf1 h4
35. Qd2 Nh5 36. Bxg7 Kxg7 37. Ne3 Qf6 38. Rf1 Ng3 39. Ng4 Nxf1+ 40. Rxf1 Qe7
41. e5 Rh8 42. Qc3 Kh7 43. f5 Bxd5 44. e6 Rcf8 45. Nf6+ Kh6 46. Qe3+ g5 47.
Nxd5 Qb7 48. Qe4 Qc8 49. e7 Re8 50. f6 Qd7 51. Ne3 d5 52. Qe5 d4 53. Nf5+ Kh5
54. Qe2+ Kg6 55. Nxd4+ Kh6 56. Nf5+ Kg6 57. Nd6+ Kh6 58. Nxf7# 1-0

[Event "DC International"]
[Site "Arlington, VA"]
[Date "2013.06.28"]
[Round "4.29"]
[White "Patil, Anuprita"]
[Black "Cao, Alvin"]
[Result "0-1"]
[WhiteElo "2075"]
[BlackElo "1973"]
[PlyCount "155"]
[EventDate "2013.06.??"]
[EventType "swiss"]
[EventRounds "9"]
[EventCountry "USA"]
[SourceDate "2013.06.27"]

1. d4 Nf6 2. c4 g6 3. g3 d5 4. cxd5 Nxd5 5. e4 Nb6 6. Bg2 Bg7 7. Ne2 O-O 8. O-O
c5 9. dxc5 N6d7 10. Qc2 Qc7 11. Be3 Na6 12. Rc1 Rd8 13. Nbc3 Nb4 14. Qb1 Ne5
15. a3 Nbd3 16. Rd1 Bg4 17. Kf1 e6 18. f4 Nxb2 19. Qxb2 Nc4 20. Rxd8+ Qxd8 21.
Qb5 Nxe3+ 22. Kf2 Nxg2 23. Rd1 Qc8 24. Rd3 Bxe2 25. Nxe2 Nxf4 26. gxf4 a6 27.
Qb6 Bf8 28. Rc3 Qd7 29. a4 Rc8 30. Kf3 Rc6 31. Qb4 b6 32. Qd4 Qxd4 33. Nxd4
Rxc5 34. Rxc5 Bxc5 35. Nc6 f6 36. Nb8 a5 37. Nd7 Kf7 38. e5 f5 39. Nf6 h5 40.
Ke2 Ke7 41. Kd3 Kd8 42. h3 Be7 43. Kc4 Bxf6 44. exf6 Ke8 45. Kb5 Kf7 46. Kxb6
Kxf6 47. Kxa5 e5 48. Kb4 exf4 49. a5 f3 50. a6 f2 51. a7 f1=Q 52. a8=Q Qe1+ 53.
Kb3 Qg3+ 54. Kc2 Qh2+ 55. Kc1 Qxh3 56. Qd8+ Kg7 57. Qd7+ Kf6 58. Qd8+ Ke5 59.
Qc7+ Ke4 60. Qc6+ Kf4 61. Qxg6 Qg4 62. Qd6+ Kf3 63. Qd1+ Kg3 64. Qe1+ Kh3 65.
Qh1+ Kg3 66. Qe1+ Kf3 67. Qd1+ Kg2 68. Qd5+ Qf3 69. Qd2+ Kh3 70. Qh6 h4 71. Kd2
Qf2+ 72. Kd3 Kh2 73. Qh5 f4 74. Ke4 h3 75. Qh6 Qf1 76. Qh5 Kh1 77. Qh4 h2 78.
Qh5 0-1

[Event "DC International"]
[Site "Arlington, VA"]
[Date "2013.06.28"]
[Round "4.30"]
[White "Nieto, Guillermo"]
[Black "Panchanatham, Vignesh"]
[Result "1/2-1/2"]
[WhiteElo "1949"]
[BlackElo "2069"]
[PlyCount "156"]
[EventDate "2013.06.??"]
[EventType "swiss"]
[EventRounds "9"]
[EventCountry "USA"]
[SourceDate "2013.06.27"]

1. e4 e6 2. d4 d5 3. Nc3 Nf6 4. Bg5 Be7 5. e5 Nfd7 6. Bxe7 Qxe7 7. f4 O-O 8.
Nf3 c5 9. Bd3 f6 10. O-O cxd4 11. Nb5 Nc6 12. exf6 Qxf6 13. Ng5 g6 14. Nc7 Rb8
15. Ncxe6 Re8 16. Nc7 Rf8 17. Nxd5 Qd6 18. Bc4 Nc5 19. Nf6+ Kg7 20. Nfe4 Nxe4
21. Nxe4 Qb4 22. Bb3 Re8 23. Ng3 Qa5 24. Qf3 Re3 25. Qd5 Qxd5 26. Bxd5 Bf5 27.
Nxf5+ gxf5 28. Rfe1 Nb4 29. Bb3 Rc8 30. Rxe3 dxe3 31. Kf1 Nxc2 32. Rc1 e2+ 33.
Kxe2 Nd4+ 34. Kd2 Rxc1 35. Kxc1 Ne2+ 36. Kd2 Nxf4 37. g3 Ng6 38. Bc2 Kf6 39.
Ke3 Ke5 40. a3 Ne7 41. Bb3 a5 42. Bc4 Nd5+ 43. Kd3 Nf6 44. h3 Ne4 45. g4 f4 46.
Ke2 Kd4 47. Bg8 Nf6 48. Bf7 Ke4 49. g5 Nd7 50. Bg8 Kf5 51. h4 Nf8 52. Kf3 a4
53. Bc4 Ng6 54. Bd3+ Ke5 55. h5 Nf8 56. g6 hxg6 57. hxg6 Ne6 58. Bc4 Ng7 59.
Kg4 Kd4 60. Bb5 Ke3 61. Bxa4 f3 62. Bb5 f2 63. Kg5 Kd2 64. Kf6 Nh5+ 65. Kf7 Nf4
66. g7 Nd3 67. Bxd3 Kxd3 68. g8=Q f1=Q+ 69. Ke7 Qe2+ 70. Qe6 Qxb2 71. Qd6+ Kc4
72. Qc7+ Kd3 73. Qd6+ Kc2 74. Qc5+ Kb3 75. Qb4+ Ka2 76. Qxb2+ Kxb2 77. Kd6 Kxa3
78. Kc5 Ka4 1/2-1/2

[Event "DC International"]
[Site "Arlington, VA"]
[Date "2013.06.29"]
[Round "5.1"]
[White "Enkhbat, Tegshsuren"]
[Black "Cheng, Bindi"]
[Result "1/2-1/2"]
[WhiteElo "2426"]
[BlackElo "2406"]
[PlyCount "126"]
[EventDate "2013.06.??"]
[EventType "swiss"]
[EventRounds "9"]
[EventCountry "USA"]
[SourceDate "2013.06.27"]

1. d4 Nf6 2. c4 g6 3. Nc3 Bg7 4. g3 d5 5. cxd5 Nxd5 6. Bg2 Nxc3 7. bxc3 O-O 8.
Nf3 c5 9. O-O Nc6 10. e3 Bf5 11. Nh4 Bd7 12. Rb1 Rb8 13. Ba3 Qa5 14. Bxc5 b6
15. Bb4 Qxa2 16. Qd3 Qe6 17. Ba3 Na5 18. Rfc1 Rfc8 19. d5 Qf6 20. c4 Nb7 21.
Bb2 Qd6 22. Bxg7 Kxg7 23. Ra1 Na5 24. e4 e5 25. Nf3 Rc5 26. Nd2 Rbc8 27. Bf1
R8c7 28. Qa3 Qf6 29. Qb2 Qd6 30. Bd3 f6 31. Kg2 Bc8 32. Ra3 Qd7 33. Be2 Ba6 34.
Rac3 Qd6 35. h4 h6 36. Qa2 Qd7 37. Nf1 Bc8 38. Ne3 h5 39. Bf3 Qd6 40. Nd1 Rf7
41. Nb2 Nb7 42. Ra3 Na5 43. Be2 Rfc7 44. Rac3 Nb7 45. Ra3 Ra5 46. Rxa5 Nxa5 47.
Nd3 Nb7 48. Qb2 Nc5 49. Nxc5 Qxc5 50. Ra1 Bd7 51. Ra3 a5 52. f4 Qd6 53. fxe5
fxe5 54. Rb3 Rb7 55. c5 Qxc5 56. Qxe5+ Kh7 57. Rc3 Qb4 58. d6 Qb2 59. Qe7+ Kh6
60. Qf8+ Kh7 61. Qf7+ Kh6 62. Qf8+ Kh7 63. Qf7+ Kh6 1/2-1/2

[Event "DC International"]
[Site "Arlington, VA"]
[Date "2013.06.29"]
[Round "5.2"]
[White "Negi, Parimarjan"]
[Black "Panchanathan, Magesh"]
[Result "1-0"]
[WhiteElo "2634"]
[BlackElo "2570"]
[PlyCount "83"]
[EventDate "2013.06.??"]
[EventType "swiss"]
[EventRounds "9"]
[EventCountry "USA"]
[SourceDate "2013.06.27"]

1. e4 e5 2. Nf3 Nc6 3. Bb5 a6 4. Ba4 Nf6 5. O-O Be7 6. Re1 b5 7. Bb3 d6 8. c3
O-O 9. h3 Nb8 10. d4 Nbd7 11. Nbd2 Bb7 12. Bc2 Re8 13. Nf1 Bf8 14. Ng3 g6 15.
b3 c6 16. Bg5 Bg7 17. Qd2 Qe7 18. a4 Qf8 19. Rad1 h6 20. Be3 Rad8 21. Qc1 exd4
22. cxd4 c5 23. d5 Rb8 24. Bf4 Bc8 25. e5 dxe5 26. Nxe5 Ra8 27. d6 Nxe5 28.
Bxe5 Be6 29. Bxf6 Bxf6 30. Ne4 Bd4 31. b4 Rec8 32. bxc5 Bxc5 33. d7 Rd8 34.
Nf6+ Kh8 35. Bxg6 Ba3 36. Qf4 Bb2 37. Be4 Rab8 38. Nh7 Qe7 39. Qxh6 Bg7 40. Qh5
Kg8 41. Bf5 bxa4 42. Ng5 1-0

[Event "DC International"]
[Site "Arlington, VA"]
[Date "2013.06.29"]
[Round "5.3"]
[White "Mandizha, Farai"]
[Black "Kaidanov, Gregory"]
[Result "0-1"]
[WhiteElo "2390"]
[BlackElo "2577"]
[PlyCount "95"]
[EventDate "2013.06.??"]
[EventType "swiss"]
[EventRounds "9"]
[EventCountry "USA"]
[SourceDate "2013.06.27"]

1. g3 c5 2. Nf3 Nc6 3. d4 cxd4 4. Nxd4 g6 5. Bg2 Bg7 6. Nb3 Nf6 7. c4 O-O 8.
O-O d6 9. Nc3 Be6 10. c5 d5 11. Be3 Qd7 12. Qd2 Rad8 13. Rfd1 Qc8 14. Qc1 Rfe8
15. Bg5 d4 16. Nb5 Nh5 17. Bh6 Bh8 18. Bf3 a6 19. Bxc6 bxc6 20. N5xd4 Bd5 21.
Nc2 Qh3 22. Rxd5 Rxd5 23. Qf1 Qe6 24. Nb4 Rd7 25. Nd3 Nf6 26. Bd2 Ng4 27. Rc1
Qf5 28. Ba5 Ne5 29. Nf4 g5 30. Ng2 Qe6 31. Ne3 f5 32. Bc3 f4 33. Nc2 Rf8 34.
Ncd4 Qg6 35. Qg2 Rd5 36. gxf4 Rxf4 37. Qh3 g4 38. Qg2 Bg7 39. Kh1 h5 40. Rg1
Kh7 41. e3 Rf7 42. Ne2 Nf3 43. Bxg7 Nxg1 44. Nxg1 Kxg7 45. Nd4 e5 46. Nde2 Rd2
47. Qg3 Qe4+ 48. Qg2 0-1

[Event "DC International"]
[Site "Arlington, VA"]
[Date "2013.06.29"]
[Round "5.5"]
[White "Gerzhoy, Leonid"]
[Black "Kleinman, Michael"]
[Result "1/2-1/2"]
[WhiteElo "2469"]
[BlackElo "2306"]
[PlyCount "51"]
[EventDate "2013.06.??"]
[EventType "swiss"]
[EventRounds "9"]
[EventCountry "USA"]
[SourceDate "2013.06.27"]

1. Nf3 Nf6 2. c4 c5 3. Nc3 Nc6 4. g3 g6 5. Bg2 Bg7 6. O-O O-O 7. d4 cxd4 8.
Nxd4 Nxd4 9. Qxd4 d6 10. Qd3 a6 11. Be3 Bf5 12. Qd2 Qd7 13. Rac1 Bh3 14. b3
Bxg2 15. Kxg2 b5 16. Nd5 Rac8 17. f3 Nxd5 18. Qxd5 h5 19. c5 Qc6 20. Rfd1 dxc5
21. Rxc5 Qxd5 22. Rdxd5 e6 23. Rd6 Rxc5 24. Bxc5 Rc8 25. b4 Bf8 26. Rxa6
1/2-1/2

[Event "DC International"]
[Site "Arlington, VA"]
[Date "2013.06.29"]
[Round "5.7"]
[White "Pressman, Leif"]
[Black "Fernandez, Daniel"]
[Result "0-1"]
[WhiteElo "2240"]
[BlackElo "2396"]
[PlyCount "88"]
[EventDate "2013.06.??"]
[EventType "swiss"]
[EventRounds "9"]
[EventCountry "USA"]
[SourceDate "2013.06.27"]

1. e4 c5 2. Nf3 e6 3. d4 cxd4 4. Nxd4 Nf6 5. Nc3 d6 6. g4 h6 7. h4 Nc6 8. Rg1
d5 9. exd5 Nxd5 10. Nxd5 exd5 11. Be3 Be7 12. Qd2 Bxh4 13. O-O-O O-O 14. Kb1
Bf6 15. Nf5 Ne5 16. Qxd5 Qxd5 17. Rxd5 Be6 18. Rb5 b6 19. Be2 Bc4 20. Bxc4 Nxc4
21. Bd4 Nd2+ 22. Kc1 Nf3 23. Rd1 Nxd4 24. Nxd4 Bg5+ 25. Kb1 Rad8 26. Re5 Bf6
27. Re4 Rfe8 28. Rxe8+ Rxe8 29. c3 Re4 30. f3 Re3 31. a4 Bxd4 32. Rxd4 Rxf3 33.
Rd7 a5 34. Rd6 Rf6 35. Rxf6 gxf6 36. Kc2 f5 37. gxf5 h5 38. Kd3 Kg7 39. b4 h4
40. Ke3 Kf6 41. Kf4 h3 42. Kg3 Kxf5 43. Kxh3 Ke4 44. Kg4 Kd3 0-1

[Event "DC International"]
[Site "Arlington, VA"]
[Date "2013.06.29"]
[Round "5.8"]
[White "Cornejo, Max"]
[Black "Ulrich, Thomas"]
[Result "1-0"]
[WhiteElo "2395"]
[BlackElo "2225"]
[PlyCount "85"]
[EventDate "2013.06.??"]
[EventType "swiss"]
[EventRounds "9"]
[EventCountry "USA"]
[SourceDate "2013.06.27"]

1. e4 c5 2. Nf3 d6 3. d4 cxd4 4. Qxd4 Nc6 5. Bb5 Bd7 6. Qd3 Nf6 7. c4 g6 8. O-O
Bg7 9. Nc3 O-O 10. h3 a6 11. Bxc6 Bxc6 12. Be3 Nd7 13. Bd4 Ne5 14. Bxe5 dxe5
15. Qe3 e6 16. b4 Qc7 17. Rac1 Bd7 18. c5 Rfd8 19. Rfd1 Be8 20. a3 Rxd1+ 21.
Rxd1 Rd8 22. Rxd8 Qxd8 23. Qd2 Qc7 24. Qd3 a5 25. Nb5 Qc6 26. Nd6 axb4 27. axb4
Bd7 28. Nc4 f6 29. Nb6 Be8 30. Qd8 Kf8 31. Nd2 Kf7 32. Ndc4 Bf8 33. Nc8 Kg7 34.
N8d6 Bf7 35. g3 f5 36. Nxe5 Qa4 37. Nexf7 fxe4 38. Qg5 Bxd6 39. Nxd6 Qd1+ 40.
Kh2 Qf3 41. Qe5+ Kg8 42. Qxe6+ Kh8 43. Nxe4 1-0

[Event "DC International"]
[Site "Arlington, VA"]
[Date "2013.06.29"]
[Round "5.12"]
[White "Akylbekov, Nasir"]
[Black "Aaron, Deepak"]
[Result "0-1"]
[WhiteElo "2320"]
[BlackElo "2252"]
[PlyCount "112"]
[EventDate "2013.06.??"]
[EventType "swiss"]
[EventRounds "9"]
[EventCountry "USA"]
[SourceDate "2013.06.27"]

1. e4 e5 2. Nf3 Nc6 3. Nc3 Nf6 4. d4 exd4 5. Nxd4 Bb4 6. Nxc6 bxc6 7. Bd3 d5 8.
exd5 cxd5 9. O-O O-O 10. Bg5 c6 11. Qf3 Be7 12. Rae1 h6 13. Bf4 Bd6 14. h3 Rb8
15. Nd1 c5 16. b3 Bb7 17. Bxd6 Qxd6 18. Ne3 g6 19. Ng4 Kg7 20. Nxf6 Qxf6 21.
Qg3 Rbc8 22. Bb5 c4 23. Re2 Rc5 24. Ba4 d4 25. f4 cxb3 26. Bxb3 Ba6 27. Rfe1
Bxe2 28. Rxe2 Rc3 29. Qf2 Qb6 30. Re7 d3 31. Qxb6 axb6 32. cxd3 Rxd3 33. Kf2
Rc3 34. Rb7 Rc6 35. Kf3 Kf6 36. g4 g5 37. Bd5 Rd6 38. Bb3 Kg7 39. f5 Kf6 40.
Kf2 h5 41. Kf3 h4 42. Kf2 Ke5 43. Ke3 Rc6 44. Re7+ Kf6 45. Rd7 Rc3+ 46. Ke4
Rxh3 47. Rd6+ Kg7 48. f6+ Kh6 49. Rxb6 Rg3 50. Rb7 Kg6 51. Ke5 h3 52. Bc2+ Kh6
53. Be4 Rxg4 54. Bd5 h2 55. Rb2 Re8+ 56. Kd6 Rd8+ 0-1

[Event "DC International"]
[Site "Arlington, VA"]
[Date "2013.06.29"]
[Round "5.15"]
[White "Shetty, Atulya"]
[Black "Clancy, Daniel"]
[Result "1-0"]
[WhiteElo "2320"]
[BlackElo "2115"]
[PlyCount "52"]
[EventDate "2013.06.??"]
[EventType "swiss"]
[EventRounds "9"]
[EventCountry "USA"]
[SourceDate "2013.06.27"]

1. c4 c5 2. g3 g6 3. Bg2 Bg7 4. Nc3 Nc6 5. Nf3 Nf6 6. d4 cxd4 7. Nxd4 O-O 8.
O-O Qa5 9. Nc2 Qh5 10. e4 d6 11. Qxh5 Nxh5 12. Ne3 Be6 13. Ned5 Rfc8 14. Bg5
Kf8 15. Rac1 h6 16. Be3 Nd4 17. b3 Bxd5 18. exd5 Nf5 19. Bd2 Nd4 20. Rfd1 Nf6
21. Kf1 Nd7 22. Ne4 Nc5 23. Nxc5 dxc5 24. d6 Rab8 25. dxe7+ Kxe7 26. Bf4 Nxb3
1-0

[Event "DC International"]
[Site "Arlington, VA"]
[Date "2013.06.29"]
[Round "5.20"]
[White "Wheeler, Cameron"]
[Black "Moazami, Amir"]
[Result "1/2-1/2"]
[WhiteElo "2215"]
[BlackElo "1951"]
[PlyCount "99"]
[EventDate "2013.06.??"]
[EventType "swiss"]
[EventRounds "9"]
[EventCountry "USA"]
[SourceDate "2013.06.27"]

1. Nf3 Nf6 2. c4 d5 3. cxd5 Nxd5 4. g3 c5 5. Bg2 Nc6 6. Nc3 Nc7 7. d3 e5 8. O-O
Be7 9. Nd2 Bd7 10. Nc4 f6 11. f4 b5 12. Ne3 O-O 13. Ned5 Rb8 14. fxe5 fxe5 15.
Rxf8+ Bxf8 16. Nxc7 Qxc7 17. Be3 Nd4 18. Rc1 Bg4 19. Bxd4 exd4 20. Ne4 Qe5 21.
Qd2 Be7 22. Qa5 Bxe2 23. Re1 Bh5 24. Qxa7 Kh8 25. Qa5 Bd8 26. Qa6 Bg5 27. b3
Be3+ 28. Kh1 Bg6 29. Rf1 Qe7 30. Qc6 Bxe4 31. Bxe4 Rf8 32. Rf3 Rb8 33. Rf5 g6
34. Rxc5 Qf7 35. Bf3 b4 36. Kg2 Rf8 37. Ra5 Qf6 38. Qe4 Qb6 39. Qe7 Qf6 40. Qe4
Qb6 41. Ra4 Qc5 42. h4 h5 43. Qxg6 Qc2+ 44. Kh3 Qc8+ 45. Kh2 Qc2+ 46. Bg2 Bg1+
47. Kh1 Qxg2+ 48. Kxg2 Rf2+ 49. Kh1 Rh2+ 50. Kxg1 1/2-1/2

[Event "DC International"]
[Site "Arlington, VA"]
[Date "2013.06.29"]
[Round "5.21"]
[White "Cao, Alvin"]
[Black "Viswanadha, Kesav"]
[Result "0-1"]
[WhiteElo "1973"]
[BlackElo "2177"]
[PlyCount "52"]
[EventDate "2013.06.??"]
[EventType "swiss"]
[EventRounds "9"]
[EventCountry "USA"]
[SourceDate "2013.06.27"]

1. d4 Nf6 2. c4 e6 3. Nf3 b6 4. g3 Ba6 5. Qa4 Bb7 6. Bg2 c5 7. O-O cxd4 8. Nxd4
Bxg2 9. Kxg2 Qc7 10. Nc3 Bc5 11. Nc2 O-O 12. e4 Qb7 13. f3 Be7 14. Rd1 d6 15.
Be3 a6 16. Bf2 Nbd7 17. Ne3 Rab8 18. b4 b5 19. cxb5 axb5 20. Qb3 Rfc8 21. Rac1
Ne5 22. Nc2 Nxf3 23. Nxb5 Ng5 24. Ncd4 Nfxe4 25. Kf1 Rxc1 26. Rxc1 Nd2+ 0-1

[Event "DC International"]
[Site "Arlington, VA"]
[Date "2013.06.29"]
[Round "5.23"]
[White "Panchanatham, Vignesh"]
[Black "Omoifo, Osemekhian"]
[Result "1/2-1/2"]
[WhiteElo "2069"]
[BlackElo "2283"]
[PlyCount "82"]
[EventDate "2013.06.??"]
[EventType "swiss"]
[EventRounds "9"]
[EventCountry "USA"]
[SourceDate "2013.06.27"]

1. e4 c6 2. d4 d5 3. e5 Bf5 4. Nc3 e6 5. g4 Bg6 6. Nge2 c5 7. h4 h5 8. Nf4 Bh7
9. Nxh5 cxd4 10. Nb5 Nc6 11. Nxd4 Nxe5 12. Bb5+ Nd7 13. Bg5 Qa5+ 14. Bd2 Qc7
15. Qe2 a6 16. Ba4 Ne7 17. Rc1 Qc4 18. Qxc4 dxc4 19. c3 b5 20. Bc2 Ne5 21. f3
N7c6 22. Nxc6 Nxc6 23. Bf4 O-O-O 24. Ng3 Bxc2 25. Rxc2 Bd6 26. Bxd6 Rxd6 27.
Rd2 Rxd2 28. Kxd2 Ne5 29. Ke2 Nd3 30. b3 Nf4+ 31. Ke3 Ng2+ 32. Kf2 Nxh4 33. Ne4
Kc7 34. bxc4 bxc4 35. Nd2 g5 36. Nxc4 f6 37. Rd1 Ng6 38. Rd6 Rh2+ 39. Kg1 Re2
40. Rxa6 Nf4 41. Nd6 Re1+ 1/2-1/2

[Event "DC International"]
[Site "Arlington, VA"]
[Date "2013.06.29"]
[Round "5.25"]
[White "Zimmer, Ralph"]
[Black "Nieto, Guillermo"]
[Result "1-0"]
[WhiteElo "2182"]
[BlackElo "1949"]
[PlyCount "102"]
[EventDate "2013.06.??"]
[EventType "swiss"]
[EventRounds "9"]
[EventCountry "USA"]
[SourceDate "2013.06.27"]

1. c4 e5 2. g3 Nf6 3. Bg2 Nc6 4. Nc3 Bb4 5. Nd5 Bc5 6. e3 Nxd5 7. cxd5 Ne7 8.
b4 Bb6 9. Bb2 d6 10. Ne2 O-O 11. d4 f6 12. O-O Bf5 13. a4 a5 14. bxa5 Bxa5 15.
Nc3 Bxc3 16. Bxc3 e4 17. Qb3 Qd7 18. Rfb1 Ra7 19. a5 Rfa8 20. Ra4 Bg6 21. h4 f5
22. Rb4 Qc8 23. Rxb7 Rxb7 24. Qxb7 Qxb7 25. Rxb7 Nxd5 26. Bd2 Be8 27. Bf1 Bc6
28. Rb1 Ne7 29. Rc1 Ra7 30. a6 Kf7 31. Ba5 d5 32. Bb4 Bd7 33. Bc5 Ra8 34. Bxe7
Kxe7 35. Rxc7 Kd6 36. Rc5 Bc6 37. h5 g6 38. h6 Ra7 39. Kg2 Bd7 40. Be2 Rc7 41.
Rxc7 Kxc7 42. g4 Kd6 43. Kg3 Ke6 44. gxf5+ gxf5 45. a7 Bc6 46. Bb5 Bb7 47. Kf4
Kf6 48. Bd7 Kg6 49. Bxf5+ Kxh6 50. Ke5 Kg5 51. Be6 h5 1-0

[Event "DC International"]
[Site "Arlington, VA"]
[Date "2013.06.29"]
[Round "5.28"]
[White "Maldonado, Oscar"]
[Black "Beckman, Thomas"]
[Result "1-0"]
[WhiteElo "2194"]
[BlackElo "1977"]
[PlyCount "41"]
[EventDate "2013.06.??"]
[EventType "swiss"]
[EventRounds "9"]
[EventCountry "USA"]
[SourceDate "2013.06.27"]

1. e4 c5 2. Nf3 d6 3. d4 cxd4 4. Nxd4 Nf6 5. Nc3 a6 6. Be2 e5 7. Nb3 Be7 8. Be3
O-O 9. g4 Be6 10. g5 Ne8 11. h4 Nd7 12. Nd5 Rc8 13. Qd2 Kh8 14. O-O-O Bxd5 15.
Qxd5 Qc7 16. Qd2 b5 17. Bg4 Bd8 18. f4 d5 19. fxe5 f5 20. gxf6 gxf6 21. Nd4 1-0

[Event "DC International"]
[Site "Arlington, VA"]
[Date "2013.06.29"]
[Round "5.29"]
[White "Yagiz, Bora"]
[Black "Prathiba, Yuvarajan"]
[Result "0-1"]
[WhiteElo "1916"]
[BlackElo "2189"]
[PlyCount "72"]
[EventDate "2013.06.??"]
[EventType "swiss"]
[EventRounds "9"]
[EventCountry "USA"]
[SourceDate "2013.06.27"]

1. e4 e5 2. Qh5 Nc6 3. Bc4 g6 4. Qf3 Nf6 5. Ne2 Bg7 6. c3 O-O 7. d3 d6 8. h3
Ne8 9. g4 Na5 10. Qg2 Nxc4 11. dxc4 Be6 12. b3 c6 13. Ba3 Qd7 14. Nd2 Nc7 15.
Nf1 Rfd8 16. Ne3 d5 17. Rd1 b5 18. Ng3 bxc4 19. bxc4 Qe8 20. Ngf5 Bxf5 21. gxf5
dxc4 22. Rxd8 Rxd8 23. Nxc4 Nb5 24. Bb4 Rd3 25. a4 Qd8 26. O-O Nxc3 27. fxg6
Ne2+ 28. Kh2 hxg6 29. Ne3 Qf6 30. Qg4 Rxe3 31. Bd2 Rf3 32. Bg5 Rxf2+ 33. Rxf2
Qxf2+ 34. Qg2 Qxg2+ 35. Kxg2 Nc3 36. Be3 a6 0-1

[Event "DC International"]
[Site "Arlington, VA"]
[Date "2013.06.29"]
[Round "5.33"]
[White "Nguyen, Tan"]
[Black "Patil, Anuprita"]
[Result "0-1"]
[WhiteElo "1746"]
[BlackElo "2075"]
[PlyCount "136"]
[EventDate "2013.06.??"]
[EventType "swiss"]
[EventRounds "9"]
[EventCountry "USA"]
[SourceDate "2013.06.27"]

1. d4 d6 2. c4 Nd7 3. e4 g6 4. Nc3 Bg7 5. Nge2 e5 6. d5 Ne7 7. Ng3 a5 8. Be2
Nc5 9. h4 h5 10. Bg5 b6 11. b3 f6 12. Be3 f5 13. exf5 Nxf5 14. Bg5 Bf6 15. Bxf6
Qxf6 16. Nge4 Nxe4 17. Nxe4 Qe7 18. g3 Nd4 19. Qd3 Bf5 20. O-O-O Rf8 21. f3
O-O-O 22. g4 Bxe4 23. fxe4 Rf2 24. Rd2 Rdf8 25. Qe3 Nxe2+ 26. Rxe2 Rf1+ 27.
Rxf1 Rxf1+ 28. Re1 Rf4 29. g5 Qd7 30. Qg3 Qg4 31. Qxg4+ Rxg4 32. Rf1 Rxh4 33.
Rf6 Rxe4 34. Rxg6 Rg4 35. Rg8+ Kb7 36. a4 h4 37. Kc2 h3 38. Rh8 Rxg5 39. Rxh3
Rg7 40. Rh6 Kc8 41. Kd3 Kd7 42. Rh3 c6 43. Kc3 Kc7 44. Rf3 cxd5 45. cxd5 b5 46.
axb5 Kb6 47. Rf6 Kc5 48. Rf3 Rb7 49. Rd3 Rxb5 50. Rd1 Rb4 51. Ra1 Kb5 52. Rh1
a4 53. bxa4+ Rxa4 54. Rh8 Kc5 55. Rb8 Kxd5 56. Kd3 Ra3+ 57. Kd2 e4 58. Rb5+ Kc4
59. Rb8 d5 60. Rc8+ Kd4 61. Rb8 Ra2+ 62. Kd1 e3 63. Rb4+ Kc3 64. Rb8 d4 65. Rb7
Kd3 66. Rb3+ Ke4 67. Rb8 Ra1+ 68. Ke2 d3# 0-1

[Event "DC International"]
[Site "Arlington, VA"]
[Date "2013.06.29"]
[Round "6.1"]
[White "Enkhbat, Tegshsuren"]
[Black "Negi, Parimarjan"]
[Result "0-1"]
[WhiteElo "2426"]
[BlackElo "2634"]
[PlyCount "146"]
[EventDate "2013.06.??"]
[EventType "swiss"]
[EventRounds "9"]
[EventCountry "USA"]
[SourceDate "2013.06.27"]

1. d4 Nf6 2. c4 g6 3. Nf3 Bg7 4. g3 d5 5. cxd5 Nxd5 6. Bg2 Nb6 7. Nc3 Nc6 8. e3
O-O 9. O-O Re8 10. h3 Bd7 11. Kh2 Qc8 12. a3 e5 13. d5 Na5 14. a4 c5 15. e4 c4
16. Be3 Qc7 17. Nd2 Qd6 18. Qc2 Qb4 19. Ra3 Rac8 20. Rfa1 f5 21. f3 a6 22. g4
Qd6 23. Bf1 h5 24. Be2 f4 25. Bf2 Kf7 26. Kg2 Bf8 27. Nd1 Qc7 28. Qc3 Bxa3 29.
Rxa3 Nxa4 30. Qb4 Kg7 31. Rxa4 Bxa4 32. Bb6 Nc6 33. dxc6 Qxc6 34. Nc3 Bb5 35.
Nd5 hxg4 36. hxg4 c3 37. Bxb5 Qxb5 38. Qxb5 axb5 39. bxc3 b4 40. Ba5 bxc3 41.
Nxc3 Kf7 42. Kf2 Rh8 43. Ke2 Ra8 44. Bb4 Ra1 45. Kd3 Rh2 46. Bc5 g5 47. Bb6 Ke6
48. Bd8 Re1 49. Bb6 Rg2 50. Bc5 Rh1 51. Bb4 Rh3 52. Na4 Rxg4 53. Nc5+ Kf7 54.
Nd7 Rg2 55. Nxe5+ Ke6 56. Kd4 Rh1 57. Nd3 Rd1 58. Nb3 g4 59. Nbc5+ Kf7 60. fxg4
Rg3 61. e5 b6 62. e6+ Ke8 63. Ne4 Rgxd3+ 64. Ke5 Rd5+ 65. Kxf4 Rf1+ 66. Kg3 Rd4
67. Nd6+ Rxd6 68. Bxd6 Rd1 69. Be5 Ke7 70. g5 Kxe6 71. Bf6 b5 72. Kf3 b4 73.
Ke2 Rd7 0-1

[Event "DC International"]
[Site "Arlington, VA"]
[Date "2013.06.29"]
[Round "6.3"]
[White "Kaidanov, Gregory"]
[Black "Gerzhoy, Leonid"]
[Result "1-0"]
[WhiteElo "2577"]
[BlackElo "2469"]
[PlyCount "73"]
[EventDate "2013.06.??"]
[EventType "swiss"]
[EventRounds "9"]
[EventCountry "USA"]
[SourceDate "2013.06.27"]

1. c4 e6 2. g3 d5 3. Nf3 dxc4 4. Bg2 a6 5. O-O Nf6 6. Qc2 b5 7. Ne5 Nd5 8. d3
cxd3 9. Nxd3 Bb7 10. Nc3 Nd7 11. Nxd5 exd5 12. Nf4 Nb6 13. Rd1 c6 14. e4 Be7
15. Be3 O-O 16. Bxb6 Qxb6 17. exd5 cxd5 18. Bxd5 Bg5 19. Bxb7 Qxb7 20. Nd5 Rac8
21. Qf5 Bh6 22. Re1 Rce8 23. Re5 Rxe5 24. Qxe5 Qb8 25. Qf5 Kh8 26. Re1 Qd6 27.
Re7 Qg6 28. Qd7 f5 29. Re6 Qh5 30. Qd6 g6 31. Nf6 Qh3 32. Qe5 f4 33. Re8 Qf5
34. Qe7 Qb1+ 35. Kg2 f3+ 36. Kxf3 Qh1+ 37. Ke2 1-0

[Event "DC International"]
[Site "Arlington, VA"]
[Date "2013.06.29"]
[Round "6.4"]
[White "Holt, Conrad"]
[Black "Ni, Viktorija"]
[Result "1-0"]
[WhiteElo "2531"]
[BlackElo "2228"]
[PlyCount "89"]
[EventDate "2013.06.??"]
[EventType "swiss"]
[EventRounds "9"]
[EventCountry "USA"]
[SourceDate "2013.06.27"]

1. d4 Nf6 2. c4 e6 3. Nc3 Bb4 4. Qc2 O-O 5. e4 d5 6. e5 Ne4 7. Bd3 c5 8. Nf3
cxd4 9. Nxd4 Nd7 10. Bf4 Qh4 11. g3 Qh3 12. O-O-O Bxc3 13. bxc3 Nb6 14. f3 Nc5
15. Bf1 Qh5 16. h4 f6 17. g4 Qe8 18. exf6 Rxf6 19. Bd6 Ncd7 20. g5 Rf7 21. g6
Rf6 22. gxh7+ Kh8 23. c5 e5 24. Nb5 Qh5 25. cxb6 Nxb6 26. Qd2 a6 27. Qg5 Qf7
28. Bxe5 axb5 29. Rg1 Be6 30. Bxf6 gxf6 31. Qg8+ Qxg8 32. hxg8=Q+ Bxg8 33. Re1
d4 34. cxd4 Nd5 35. Bxb5 Nc3 36. a4 Bd5 37. Rg6 Nxb5 38. axb5 Ra1+ 39. Kd2 Ra2+
40. Kc3 Ra3+ 41. Kb4 Rxf3 42. Kc5 Rf5 43. Rxf6 Rxf6 44. Kxd5 Rf5+ 45. Re5 1-0

[Event "DC International"]
[Site "Arlington, VA"]
[Date "2013.06.29"]
[Round "6.5"]
[White "Sarkar, Justin"]
[Black "Morshedi, Ali"]
[Result "1-0"]
[WhiteElo "2455"]
[BlackElo "2227"]
[PlyCount "75"]
[EventDate "2013.06.??"]
[EventType "swiss"]
[EventRounds "9"]
[EventCountry "USA"]
[SourceDate "2013.06.27"]

1. d4 Nf6 2. c4 e6 3. Nc3 Bb4 4. e3 O-O 5. Bd3 Re8 6. Nge2 d5 7. cxd5 exd5 8.
Bd2 a5 9. O-O Na6 10. a3 Bf8 11. Qb1 c5 12. Rc1 c4 13. Bc2 Nc7 14. a4 Na6 15.
b3 Nb4 16. bxc4 dxc4 17. e4 Ng4 18. Bf4 Ra6 19. h3 Nh6 20. Nb5 Rg6 21. Bg3 Bd7
22. Bd1 f5 23. e5 Rc6 24. h4 Be7 25. Nf4 Bxh4 26. Bxh4 Qxh4 27. g3 Qg5 28. Rxc4
Ng4 29. Qb3 Kh8 30. Rxc6 bxc6 31. Nd6 Nh6 32. e6 Rxe6 33. Nxe6 Qe7 34. Nc5 Qxd6
35. Qe3 Nf7 36. Bb3 Nd5 37. Bxd5 cxd5 38. Re1 1-0